Statistiques concernant Les pays demi-finalistes de l'Euro (football)

Cliquez ici pour prendre le quiz!

Statistiques générales

  • Ce quiz a été pris 327 fois
  • Le résultat moyen est 15 sur 17

Statistiques - réponses

Nombre de demi-finale(s)Année(s)Pays% Correct
91972,1976,80,88,92,1996,2008,2012,2016Allemagne
100%
41964,1984,2008,2012Espagne
100%
51960,1984,1996,2000,2016France
100%
51984,2000,2004,2012,2016Portugal
100%
51968,1980,1988,2000,2012Italie
98%
21968,1996Angleterre
97%
12004Grèce
95%
61960,1964,1968,1972,1988,2008Union soviétique / Russie
95%
51976,1988,1992,2000,2004Pays-Bas
93%
21972,1980Belgique
91%
31964,1984,1992Danemark
89%
11992Suède
89%
12016Pays de Galles
84%
31960,1968,1976Yougoslavie
82%
21964,1972Hongrie
80%
12008Turquie
78%
51960,1976,1980,1996,2004Tchécoslovaquie / République Tchèque
77%

Distribution des résultats

Percentile par nombre de réponses

% des personnes avec chaque résultat

Votre développement - résultats

Vous n’avez pas pris ce quiz